| 000 | 00611nam a22002297a 4500 | ||
|---|---|---|---|
| 003 | AR-RoIUNI | ||
| 005 | 20241122062717.0 | ||
| 008 | 181012b xxu||||| |||| 00| 0 spa d | ||
| 040 | _cIUNIR | ||
| 080 | _a615 | ||
| 100 | 1 |
_9233 _aTerán Mogro, Guido |
|
| 245 | 0 | 0 | _aManual intoxicaciones agudas por plaguicidas |
| 250 | _a2a. ed. | ||
| 260 |
_aPortoviejo _bOPS; Ministerio de Salud Pública del Ecuador _c201- |
||
| 300 |
_a254 p. _b tab.; graf. _c24 cm. |
||
| 504 | _aINCBIB | ||
| 650 | 1 | 0 |
_aMedicina _958 |
| 650 | 1 | 0 | _aIntoxicaciones |
| 650 | 1 | 0 | _aPlaguicidas |
| 650 | 1 | 0 | _aFármacos |
| 942 |
_2cdu _cBK |
||
| 999 |
_c4015 _d4015 |
||